Т. 20; Химия и технология высокомолекулярных соединений

Manylion Llyfryddiaeth
Parent link:Химия и технология высокомолекулярных соединений: [сборник статей]/ Академия наук СССР (АН СССР), Всесоюзный институт научной и технической информации (ВИНИТИ). Т. 20.— , 1970-1991.— 0202-8069
Awduron Eraill: Ениколопов Н. С. (редактор), Васильева-Соколова Е. А.
Iaith:Rwseg
Cyhoeddwyd: 1985
Pynciau:
Fformat: MixedMaterials Llyfr
KOHA link:https://koha.lib.tpu.ru/cgi-bin/koha/opac-detail.pl?biblionumber=288618

MARC

LEADER 00000nam2a2200000 4500
001 288618
005 20231102000115.0
035 |a (RuTPU)RU\TPU\book\313097 
035 |a RU\TPU\book\288798 
090 |a 288618 
100 |a 20150326d1985 k y0rusy50 ca 
101 0 |a rus 
102 |a RU 
105 |a a z 001zy 
200 0 |a Т. 20  |f под ред. Н. С. Ениколопов, Е. А. Васильевой-Соколовой 
210 |d 1985 
215 |a 300 с.  |c ил. 
320 |a Библиография в конце работ 
461 1 |0 (RuTPU)RU\TPU\book\134299  |x 0202-8069  |t Химия и технология высокомолекулярных соединений  |o [сборник статей]  |f Академия наук СССР (АН СССР), Всесоюзный институт научной и технической информации (ВИНИТИ)  |v Т. 20  |d 1970-1991  |s Химия и технология высокомолекулярных соединений 
606 |a Высокомолекулярные соединения  |2 stltpush  |3 (RuTPU)RU\TPU\subj\72650  |9 86071 
610 1 |a химия 
610 1 |a технология 
610 1 |a гидратцеллюлоза 
610 1 |a форполимеры 
610 1 |a циклообразование 
610 1 |a кинетика 
610 1 |a термодинамика 
610 1 |a полимеры 
610 1 |a термостабильность 
675 |a 678  |v 3 
702 1 |a Ениколопов  |b Н. С.  |4 340 
702 1 |a Васильева-Соколова  |b Е. А.  |4 340 
801 1 |a RU  |b 63413507  |c 20060417  |g PSBO 
801 2 |a RU  |b 63413507  |c 20180403  |g PSBO 
942 |c BK